[Event "KUW-ch sf"]
[Site "Kuwait"]
[Date "2018.11.19"]
[Round "4"]
[White "Almousawi, Saleh"]
[Black "Alshammari, Mohammad"]
[Result "1-0"]
[WhiteElo "1494"]
[BlackElo "1318"]
[PlyCount "67"]
[EventDate "2018.11.16"]
[EventType "swiss"]
[EventRounds "9"]
[EventCountry "KUW"]
[SourceTitle "CBM 187 Extra"]
[Source "ChessBase"]
[SourceDate "2018.11.04"]
[SourceVersion "1"]
[SourceVersionDate "2018.11.04"]
[SourceQuality "1"]

1. e4 d5 2. exd5 Qxd5 3. Nc3 Qe6+ 4. Be2 Nc6 5. d4 Qg6 6. Nd5 Qd6 7. c4 e6 8. Bf4 e5 9. dxe5 Nxe5 10. c5 Qxc5 11. Bxe5 Bd6 12. Bxg7 Ne7 13. Nf6+ Kd8 14. Ne4 Qa5+ 15. Bc3 Qd5 16. Nxd6 Qxd6 17. Qxd6+ cxd6 18. Bxh8 Rb8 19. Bf6 Be6 20. Nf3 Ke8 21. Bb5+ Kf8 22. Bxe7+ Kxe7 23. 0-0 a6 24. Bd3 Rg8 25. Rfe1 h6 26. Rac1 Kd7 27. Rxe6 fxe6 28. g3 e5 29. Bf5+ Kd8 30. Kg2 Rf8 31. Rc8+ Ke7 32. Rxf8 Kxf8 33. Bc8 b5 34. b4 1-0

[Event "Kuwait U1700"]
[Site "Kuwait"]
[Date "2016.10.31"]
[Round "4.4"]
[White "Alshammari, Mohammad"]
[Black "Alsharhan, Musaed"]
[Result "0-1"]
[WhiteElo "1387"]
[BlackElo "1684"]
[PlyCount "24"]
[EventDate "2016.10.28"]
[EventType "tourn"]
[EventRounds "7"]
[EventCountry "KUW"]
[SourceTitle "EXT 2024"]
[Source "ChessBase"]
[SourceDate "2023.10.10"]
[SourceVersion "1"]
[SourceVersionDate "2023.10.10"]
[SourceQuality "1"]

1. e4 e5 2. Nf3 Nc6 3. Bc4 Nd4 4. Nxe5 Qg5 5. Ng4 d5 6. Be2 Nxe2 7. Qxe2 Bxg4 8. f3 Bd7 9. Nc3 Bd6 10. a3 Qh4+ 11. Qf2 Qxf2+ 12. Kxf2 Bc5+ 0-1